Le décret de Saïs

محفوظ في:

المؤلف الرئيسي: Anne-Sophie von Bomhard

التنسيق: كتاب

اللغة: Undetermined

منشور في: Cairo Institut français d'archéologie orientale 2025

سلاسل: PalHiero 9

الموضوعات:

الوسوم: إضافة وسم

لا توجد وسوم, كن أول من يضع وسما على هذه التسجيلة!

رقم الطلب: On Hold

LEADER 00582nam a2200169Ia 4500
005 20260324113530.0
008 260324s9999||||xx |||||||||||||| ||und||
020 |a 9782724710960 
050 4 |a On Hold 
100 0 |a Anne-Sophie von Bomhard 
245 1 0 |a Le décret de Saïs  |c Anne-Sophie von Bomhard 
264 1 |a Cairo  |b Institut français d'archéologie orientale  |c 2025 
300 |a 210 pages  |b illustrations   |c 28 cm 
490 0 |a PalHiero 9 
650 4 |a les stèles de Thônis-Héracléion et de Naucratis : paléographie 
650 4 |a Paléographie hiéroglyphique, 1687-501X 
999 |c 61905  |d 61905